ՀՀ Գիտությունների ազգային ակադեմիայի հիմնարար գիտական գրադարան  =   Fundamental Scientific Library of NAS RA

Մարդու էկոլոգիա և էկոլոգիական ֆիզիոլոգիա : (Record no. 342827)

MARC details
000 -LEADER
fixed length control field 00929nam a2200229 a 4500
001 - CONTROL NUMBER
control field 001051975
003 - CONTROL NUMBER IDENTIFIER
control field AM-YeHGA
005 - DATE AND TIME OF LATEST TRANSACTION
control field 20250618074342.0
008 - FIXED-LENGTH DATA ELEMENTS--GENERAL INFORMATION
fixed length control field 141216s2014 ai r 000 0 arm d
020 ## - INTERNATIONAL STANDARD BOOK NUMBER
International Standard Book Number 9785808418714
040 ## - CATALOGING SOURCE
Original cataloging agency AM-YeHGA
041 0# - LANGUAGE CODE
Language code of text/sound track or separate title arm
090 ## - LOCALLY ASSIGNED LC-TYPE CALL NUMBER (OCLC); LOCAL CALL NUMBER (RLIN)
-- 344622
100 1# - MAIN ENTRY--PERSONAL NAME
Personal name Գրիգորյան, Կառլեն Վաղարշակի,
Dates associated with a name 1946-
9 (RLIN) 3265
245 10 - TITLE STATEMENT
Title Մարդու էկոլոգիա և էկոլոգիական ֆիզիոլոգիա :
Remainder of title Ուսումնական ձեռնարկ /
Statement of responsibility, etc. Կ.Վ. Գրիգորյան, Ծ.Ի. Ադամյան ԵՊՀ.
260 ## - PUBLICATION, DISTRIBUTION, ETC.
Place of publication, distribution, etc. Երևան :
Name of publisher, distributor, etc. ԵՊՀ հրատ.,
Date of publication, distribution, etc. 2014.
300 ## - PHYSICAL DESCRIPTION
Extent 256 էջ ;
Dimensions 21 սմ.
650 14 - SUBJECT ADDED ENTRY--TOPICAL TERM
Topical term or geographic name entry element Ֆիզիոլոգիա
General subdivision Էկոլոգիական ֆիզիոլոգիա
653 1# - INDEX TERM--UNCONTROLLED
Uncontrolled term Էկոլոգիական ֆիզիոլոգիա
700 1# - ADDED ENTRY--PERSONAL NAME
Personal name Ադամյան, Ծովինար Իշխանի,
Dates associated with a name 1939-
9 (RLIN) 1372
710 2# - ADDED ENTRY--CORPORATE NAME
Corporate name or jurisdiction name as entry element Երևանի պետական համալսարան
Holdings
Withdrawn status Lost status Damaged status Not for loan Collection Home library Current library Date acquired Cost, normal purchase price Shelving control number Total checkouts Full call number Barcode Date last seen Price effective from Koha item type Public note
        General Fundamental Scientific Library Fundamental Scientific Library 09/01/2017 2900.00     AII/101204 FL0381387 09/01/2017 09/01/2017 Գրքեր / Books 30 Days Loan


ՀՀ ԳԱԱ հիմնարար գիտական գրադարան
ՀՀ,Երևան 0019
Մարշալ Բաղրամյան 24/6
հեռախոս:(374-10) 52-47-50
Հետադարձ կապ

All site content, except where otherwise noted, is licensed under a
Creative Commons License